000 00478nam a2200169Ia 4500
008 090711s9999 xx 000 0 und d
082 _b16572
100 _aआपटे ह. ना.
245 _aसं. सती पिंगला
260 _c1964
300 _a73
600 _aआपटे ह. ना.
630 _aसं. सती पिंगला
700 _aआपटे ह. ना.
730 _aसं. सती पिंगला
942 _cBOOK
999 _c304857
_d304857